Państwa, z których pochodzą najlepsi szachiści - Statystyki

Ogólne statystyki
  • Ten quiz został rozwiązany 66 razy
  • Średni wynik to 7 z 15
Statystyki odpowiedzi
Odpowiedź % Poprawnych
Rosja
93%
Polska
91%
Francja
84%
Indie
77%
Norwegia
77%
Ukraina
63%
Holandia
54%
Azerbejdżan
42%
Armenia
39%
Węgry
37%
Bułgaria
32%
Izrael
32%
Kuba
16%
Anlgia
0%
USA (Stany Zjednoczone Ameryki)
0%
Nie znaleziono quizów pasujących do podanych kryteriów
Rozkład punktacji
Procent ludzi z każdym wynikiem
Percentyl według liczby udzielonych odpowiedzi
Twoja historia wyników
Nie rozwiązałeś tego quizu